<?xml version="1.0" encoding="UTF-8"?>
<record
    xmlns:xsi="http://www.w3.org/2001/XMLSchema-instance"
    xsi:schemaLocation="http://www.loc.gov/MARC21/slim http://www.loc.gov/standards/marcxml/schema/MARC21slim.xsd"
    xmlns="http://www.loc.gov/MARC21/slim">

  <leader>008580000a22002170004500</leader>
  <controlfield tag="003">LK-CoMWRAF</controlfield>
  <controlfield tag="005">20240331115348.0</controlfield>
  <controlfield tag="008">230817t1998       ||||| |||| 00| 0 eng d</controlfield>
  <datafield tag="040" ind1=" " ind2=" ">
    <subfield code="a">LK-CoMWRAF</subfield>
    <subfield code="d">LK-CoMWRAF</subfield>
    <subfield code="e">LK-CoMWRAF</subfield>
  </datafield>
  <datafield tag="041" ind1=" " ind2=" ">
    <subfield code="a">tam</subfield>
  </datafield>
  <datafield tag="082" ind1=" " ind2=" ">
    <subfield code="a">894.811</subfield>
    <subfield code="b">SIV</subfield>
  </datafield>
  <datafield tag="100" ind1=" " ind2=" ">
    <subfield code="a">&#xB9A;&#xBBF;&#xBB5;&#xB95;&#xBC1;&#xBAE;&#xBBE;&#xBB0;&#xBA9;&#xBCD;, &#xB95;&#xBC7;.&#xB8E;&#xBB8;&#xBCD;.</subfield>
    <subfield code="v">Sivakumaran, K.S</subfield>
  </datafield>
  <datafield tag="245" ind1=" " ind2=" ">
    <subfield code="a">&#xB88;&#xBB4;&#xBA4;&#xBCD;&#xBA4;&#xBC1;&#xB9A;&#xBCD; &#xB9A;&#xBBF;&#xBB1;&#xBC1;&#xB95;&#xBA4;&#xBC8;&#xBA4;&#xBCD; &#xBA4;&#xBCA;&#xB95;&#xBC1;&#xBAA;&#xBCD;&#xBAA;&#xBC1;&#xB95;&#xBB3;&#xBCD;: </subfield>
    <subfield code="b">&#xBA4;&#xBBF;&#xBB1;&#xBA9;&#xBBE;&#xBAF;&#xBCD;&#xBB5;&#xBC1;</subfield>
  </datafield>
  <datafield tag="246" ind1=" " ind2=" ">
    <subfield code="a">Eelathuch Chirukathaith Thohupuhal: thiranaaivu</subfield>
  </datafield>
  <datafield tag="246" ind1=" " ind2=" ">
    <subfield code="a">Sri Lankan short story collections: critical insights</subfield>
  </datafield>
  <datafield tag="260" ind1=" " ind2=" ">
    <subfield code="a">Colombo:</subfield>
    <subfield code="b">Author,</subfield>
    <subfield code="c">1998</subfield>
  </datafield>
  <datafield tag="300" ind1=" " ind2=" ">
    <subfield code="a">154 p.</subfield>
  </datafield>
  <datafield tag="490" ind1=" " ind2=" ">
    <subfield code="a">&#xBAA;&#xBA4;&#xBCD;&#xBA4;&#xBBF; &#xB8E;&#xBB4;&#xBC1;&#xBA4;&#xBCD;&#xBA4;&#xBC1;&#xB95;&#xBCD;&#xB95;&#xBB3;&#xBC1;&#xBAE;&#xBCD; &#xBAA;&#xBB2;&#xBCD; &#xBA4;&#xBBF;&#xBB0;&#xB9F;&#xBCD;&#xB9F;&#xBC1;&#xB95;&#xBCD;&#xB95;&#xBB3;&#xBC1;&#xBAE;&#xBCD;</subfield>
    <subfield code="v">3</subfield>
  </datafield>
  <datafield tag="650" ind1=" " ind2=" ">
    <subfield code="a">LITERARY CRITICISM</subfield>
  </datafield>
  <datafield tag="942" ind1=" " ind2=" ">
    <subfield code="c">BK</subfield>
  </datafield>
  <datafield tag="952" ind1=" " ind2=" ">
    <subfield code="0">0</subfield>
    <subfield code="1">0</subfield>
    <subfield code="4">0</subfield>
    <subfield code="7">0</subfield>
    <subfield code="a">MAIN</subfield>
    <subfield code="b">MAIN</subfield>
    <subfield code="d">2023-08-17</subfield>
    <subfield code="l">0</subfield>
    <subfield code="o">894.811 SIV</subfield>
    <subfield code="p">RAF5228</subfield>
    <subfield code="r">2023-08-17</subfield>
    <subfield code="w">2023-08-17</subfield>
    <subfield code="y">BK</subfield>
  </datafield>
  <datafield tag="999" ind1=" " ind2=" ">
    <subfield code="c">2724</subfield>
    <subfield code="d">2724</subfield>
  </datafield>
</record>
